<?xml version="1.0" encoding="UTF-8"?>
<record
    xmlns:xsi="http://www.w3.org/2001/XMLSchema-instance"
    xsi:schemaLocation="http://www.loc.gov/MARC21/slim http://www.loc.gov/standards/marcxml/schema/MARC21slim.xsd"
    xmlns="http://www.loc.gov/MARC21/slim">

  <leader>01601    a2200277   4500</leader>
  <controlfield tag="005">20260504110114.0</controlfield>
  <datafield tag="020" ind1=" " ind2=" ">
    <subfield code="a">9780470659526</subfield>
  </datafield>
  <datafield tag="050" ind1="0" ind2="0">
    <subfield code="a">RL71</subfield>
    <subfield code="b">WEL 2007</subfield>
  </datafield>
  <datafield tag="100" ind1="1" ind2=" ">
    <subfield code="a">Weller, Richard P. J. B.,</subfield>
    <subfield code="e">author.</subfield>
  </datafield>
  <datafield tag="245" ind1="1" ind2="0">
    <subfield code="a">Clinical dermatology /</subfield>
    <subfield code="c">Richard B. Weller, John hunter, John Savin and Mark Dahl</subfield>
  </datafield>
  <datafield tag="250" ind1=" " ind2=" ">
    <subfield code="a">Fourth edition.</subfield>
  </datafield>
  <datafield tag="264" ind1=" " ind2="1">
    <subfield code="a">Chichester, West Sussex ;</subfield>
    <subfield code="a">Hoboken, NJ :</subfield>
    <subfield code="b">John Wiley &amp; Sons Inc.,</subfield>
    <subfield code="c">2015.</subfield>
  </datafield>
  <datafield tag="300" ind1=" " ind2=" ">
    <subfield code="a">vii, 426pages ;</subfield>
    <subfield code="b">illustrations</subfield>
  </datafield>
  <datafield tag="336" ind1=" " ind2=" ">
    <subfield code="a">text</subfield>
    <subfield code="2">rdacontent</subfield>
    <subfield code="b">txt</subfield>
  </datafield>
  <datafield tag="337" ind1=" " ind2=" ">
    <subfield code="a">unmediated</subfield>
    <subfield code="2">rdamedia</subfield>
    <subfield code="b">n</subfield>
  </datafield>
  <datafield tag="338" ind1=" " ind2=" ">
    <subfield code="a">volume</subfield>
    <subfield code="2">rdacarrier</subfield>
    <subfield code="b">nc</subfield>
  </datafield>
  <datafield tag="504" ind1=" " ind2=" ">
    <subfield code="a">Includes bibliographical references and index.</subfield>
  </datafield>
  <datafield tag="505" ind1="0" ind2=" ">
    <subfield code="a">Skin disease in perspective -- The function and structure of the skin -- Diagnosis of skin disorders -- Disorders of keratinization -- Psoriasis -- Other papulosquamous disorders -- Eczema and dermatitis -- Reactive erythemas and vasculitis -- Bullous diseases -- Connective tissue disorders -- Disorders of blood vessels and lymphatics -- Sebaceous and sweat gland disorders -- Regional dermatology -- Racial skin differences -- The skin at different ages -- Infections -- Infestations -- Skin reactions to light -- Disorders of pigmentation -- Skin tumours -- The skin in systemic disease -- Cosmetic dermatology -- The skin and the psyche -- Other genetic disorders.</subfield>
  </datafield>
  <datafield tag="520" ind1=" " ind2=" ">
    <subfield code="a">.</subfield>
  </datafield>
  <datafield tag="650" ind1="1" ind2="2">
    <subfield code="a">Skin Diseases</subfield>
    <subfield code="x">diagnosis.</subfield>
  </datafield>
  <datafield tag="650" ind1="2" ind2="2">
    <subfield code="a">Skin Diseases</subfield>
    <subfield code="x">therapy.</subfield>
  </datafield>
  <datafield tag="700" ind1="1" ind2=" ">
    <subfield code="a">Dahl, Mark V.</subfield>
    <subfield code="e">author.</subfield>
  </datafield>
  <datafield tag="700" ind1="1" ind2=" ">
    <subfield code="a">Hunter, John A.A.</subfield>
    <subfield code="e">author.</subfield>
  </datafield>
  <datafield tag="700" ind1="1" ind2=" ">
    <subfield code="a">Savin, John A.</subfield>
    <subfield code="e">author</subfield>
  </datafield>
  <datafield tag="942" ind1=" " ind2=" ">
    <subfield code="2">lcc</subfield>
    <subfield code="c">BK</subfield>
    <subfield code="e">Fourth edition</subfield>
    <subfield code="h">71</subfield>
    <subfield code="i">WEL</subfield>
    <subfield code="k">RL</subfield>
  </datafield>
  <datafield tag="952" ind1=" " ind2=" ">
    <subfield code="0">0</subfield>
    <subfield code="1">0</subfield>
    <subfield code="2">lcc</subfield>
    <subfield code="4">0</subfield>
    <subfield code="7">0</subfield>
    <subfield code="8">NFIC</subfield>
    <subfield code="a">ML</subfield>
    <subfield code="b">ML</subfield>
    <subfield code="c">GEN</subfield>
    <subfield code="d">2026-05-04</subfield>
    <subfield code="e">Donation from UKZN</subfield>
    <subfield code="l">0</subfield>
    <subfield code="o">RL71 WEL 2007</subfield>
    <subfield code="p">034585</subfield>
    <subfield code="r">2026-05-04 11:02:07</subfield>
    <subfield code="t">c. 1</subfield>
    <subfield code="w">2026-05-04</subfield>
    <subfield code="y">BK</subfield>
  </datafield>
  <datafield tag="952" ind1=" " ind2=" ">
    <subfield code="0">0</subfield>
    <subfield code="1">0</subfield>
    <subfield code="2">lcc</subfield>
    <subfield code="4">0</subfield>
    <subfield code="7">0</subfield>
    <subfield code="8">NFIC</subfield>
    <subfield code="a">ML</subfield>
    <subfield code="b">ML</subfield>
    <subfield code="c">GEN</subfield>
    <subfield code="d">2026-05-08</subfield>
    <subfield code="e">Donation from UKZN</subfield>
    <subfield code="l">0</subfield>
    <subfield code="o">RL71 WEL 2007</subfield>
    <subfield code="p">034617</subfield>
    <subfield code="r">2026-05-08 06:31:53</subfield>
    <subfield code="t">c. 2</subfield>
    <subfield code="w">2026-05-08</subfield>
    <subfield code="y">BK</subfield>
  </datafield>
  <datafield tag="952" ind1=" " ind2=" ">
    <subfield code="0">0</subfield>
    <subfield code="1">0</subfield>
    <subfield code="2">lcc</subfield>
    <subfield code="4">0</subfield>
    <subfield code="7">0</subfield>
    <subfield code="8">NFIC</subfield>
    <subfield code="a">ML</subfield>
    <subfield code="b">ML</subfield>
    <subfield code="c">GEN</subfield>
    <subfield code="d">2026-05-13</subfield>
    <subfield code="e">Donation from UKZN</subfield>
    <subfield code="l">0</subfield>
    <subfield code="o">RL71 WEL 2007</subfield>
    <subfield code="p">034745</subfield>
    <subfield code="r">2026-05-13 13:04:24</subfield>
    <subfield code="t">c. 3</subfield>
    <subfield code="w">2026-05-13</subfield>
    <subfield code="y">BK</subfield>
  </datafield>
  <datafield tag="999" ind1=" " ind2=" ">
    <subfield code="c">11784</subfield>
    <subfield code="d">11784</subfield>
  </datafield>
</record>
